Least Guessed MLB Teams on Jetpunk - Statistics

General Stats
  • This quiz has been taken 14 times
  • The average score is 8 of 10
Answer Stats
Percentage Answer % Correct
66% Kansas City Royals
100%
68% Colorado Rockies
92%
68% Minnesota Twins
92%
72% Pittsburgh Pirates
92%
68% Milwaukee Brewers
85%
71% San Diego Padres
85%
71% Cleveland Guardians
77%
70% Detroit Tigers
77%
70% Washington Nationals
77%
72% Philadelphia Phillies
62%
No matching quizzes found
Score Distribution
Percent of People with Each Score
Percentile by Number Answered
Your Score History
You have not taken this quiz